12 Philosopher's Quotes - Statistics

General Stats
  • This quiz has been taken 922 times
  • The average score is 6 of 12
Answer Stats
Hint Answer % Correct
"I think, therefore I am" Descartes
92%
"The only thing I know is that I know nothing" Socrates
85%
"Religion is the opium of the masses" Marx
81%
"God is dead! He remains dead! And we have killed him" Nietzsche
66%
"We are what we repeatedly do. Excellence, then, is not an act, but a habit" Aristotle
61%
"All wealth is the product of labour" Locke
53%
"Man is condemned to be free" Sartre
50%
"It is beyond a doubt that our knowledge begins with experience" Kant
49%
"The life of man is of no greater importance to the universe than that of an oyster" Hume
45%
"We have first raised a dust and then complain we cannot see" Berkeley
13%
"It is impossible to love and to be wise" Bacon
11%
"All great authors are seers" Lewes
2%
No matching quizzes found
Score Distribution
Percent of People with Each Score
Percentile by Number Answered
Your Score History
You have not taken this quiz